000 00499nam a2200133Ia 4500
005 20260209120153.0
008 260209s9999||||xx |||||||||||||| ||und||
100 _aDhirendra Yadav
245 0 _aCopyrightability of ai-generated content under Indian copyright act
260 _aBangaloreBangalore
_bNLSIU, Bangalore
_c2024 - 2025
300 _a31 p. ; 25 cm.
700 _aMs. Geetanjali Sharma - SupervisorMs. Geetanjali Sharma - Supervisor
856 _uhttps://dans.nls.ac.in/handle/123456789/2495
999 _c217787
_d217787